日本のコンビニエンスストアチェーン - Statistics

General Stats
  • This quiz has been taken 2,478 times
  • The average score is 7 of 47
Answer Stats
Answer % Correct
セブンイレブン
99%
ローソン
98%
ファミリーマート
92%
ミニストップ
76%
セイコーマート
74%
デイリーヤマザキ
65%
ポプラ
40%
NewDays
28%
ファミマ!!
23%
ナチュラルローソン
21%
ローソンストア100
16%
ヤマザキショップ
11%
ハセガワストア
8%
生活彩家
5%
ベルマート
5%
アンスリー
5%
ローソン・スリーエフ
4%
ローソン・ポプラ
3%
ハマナスクラブ
3%
TOMONY
3%
ニューヤマザキデイリーストア
2%
タイエー
2%
スリーエイト
2%
モンマート
2%
タックメイト
2%
ポートストア
2%
toks
2%
ヤマザキスペシャルパートナーショップ
1%
リコス
1%
セラーズ
1%
モンペリ
1%
コスモス
1%
大津屋
1%
モラドール
1%
ユートピア
1%
アイショップ
1%
メトロス
1%
cisca
1%
Gooz
1%
島人Mart
1%
RICマート
1%
ら・む〜マート
0%
セブンイレブン ハート・イン
0%
ACCESS TOBU
0%
サンドラッグCVS
0%
Mマート
0%
Merci
0%
No matching quizzes found
Score Distribution
Percent of People with Each Score
Percentile by Number Answered
Your Score History
You have not taken this quiz